Основы санитарного физико-химического анализа и методики хлорирования воды

書誌詳細
第一著者: Чистяков Г. К.
言語:ロシア語
出版事項: Москва, Медгиз, 1953
主題:
フォーマット: MixedMaterials 図書
KOHA link:https://koha.lib.tpu.ru/cgi-bin/koha/opac-detail.pl?biblionumber=158101

MARC

LEADER 00000nam0a2200000 4500
001 158101
005 20231101222019.0
035 |a (RuTPU)RU\TPU\book\171480 
090 |a 158101 
100 |a 20090417d1953 km y0rusy50 ca 
101 0 |a rus 
102 |a RU 
105 |a a z 001zy 
200 1 |a Основы санитарного физико-химического анализа и методики хлорирования воды  |f Г. К. Чистяков 
210 |a Москва  |c Медгиз  |d 1953 
215 |a 264 с.  |c ил. 
320 |a Библиогр.: с. 257-262. 
606 1 |a Вода  |x Химический анализ  |2 stltpush  |3 (RuTPU)RU\TPU\subj\2699  |9 31232 
610 1 |a аналитическая химия 
610 1 |a физико-химический анализ 
610 1 |a хлорирование 
610 1 |a санитарная техника 
610 1 |a химический состав 
610 1 |a методы 
610 1 |a питьевая вода 
610 1 |a коагулирование 
675 |a 543.3  |v 3 
675 |a 628.16.09  |v 3 
700 1 |a Чистяков  |b Г. К. 
801 1 |a RU  |b 63413507  |c 20090417  |g PSBO 
801 2 |a RU  |b 63413507  |c 20141117  |g RCR 
942 |c BK